Kalila and Dimna, or, the Fables of BIDPAI.

محفوظ في:

التنسيق: كتاب

اللغة: Arabic

منشور في: Misr : [Place of publication not identified], 1905.

الموضوعات:

الوسوم: إضافة وسم

لا توجد وسوم, كن أول من يضع وسما على هذه التسجيلة!

رقم الطلب: ( RA )PK3791 .B7 K221 K6 1905

LEADER 00733nam a22002057a 4500
003 OSt
005 20240613065230.0
008 231105r19051819ua 000 0 ara
999 |c 54904  |d 54904 
040 |c ARCE Library 
050 4 |a ( RA )PK3791 .B7 K221 K6 1905 
130 0 |a Kalīlah wa-Dimnah.  |l English. 
245 1 0 |a Kalila and Dimna, or, the Fables of BIDPAI. 
264 1 |a Misr :   |b [Place of publication not identified],   |c 1905. 
300 |a xii, 359 pages ;   |c 19 cm. 
500 |a "Oxford, printed by W. Baxter 1819, and now reprinted, for his pupils, by Edward A. Van Dyck, of Cairo, Egypt, 1905." 
650 |a Arabic literature   |y 750-1258 
901 |a reviewed 
906 |a 0  |b cbc  |c premunv  |d u  |e ncip  |f 19  |g y-gencatlg 
942 |2 lcc  |c BK